header

The last freedom (Record no. 164546)

MARC details
000 -LEADER
fixed length control field 01360nam a2200349 a 4500
082 04 - DEWEY DECIMAL CLASSIFICATION NUMBER
Classification number 322/.10973
100 1# - MAIN ENTRY--AUTHOR NAME
Personal name Viteritti, Joseph P.,
245 14 - TITLE STATEMENT
Title The last freedom
260 ## - PUBLICATION, DISTRIBUTION, ETC. (IMPRINT)
Place of publication Princeton :
Name of publisher Princeton University Press,
Year of publication c2007.
300 ## - PHYSICAL DESCRIPTION
Number of Pages xvi, 273 p.
650 #0 - SUBJECT ADDED ENTRY--TOPICAL TERM
Topical Term Church and state
Topical Term School choice
856 40 - ELECTRONIC LOCATION AND ACCESS
Uniform Resource Identifier http://site.ebrary.com/lib/rucke/Doc?id=10312521

No items available.

© 2026 Rongo University
Contact us: librarian | system librarian | Rongo university